| 000 | | | 05942cbm0a2200361#x 450 |
| 001 | | | ca386639-00fe-4bf8-a3c4-4a4b32aed20b |
| 005 | | | 20210519155033.0 |
| 100 | ## | $a | 20210421j19390903k###0rusy50 ca |
| 101 | 0# | $a | rus |
| 102 | ## | $a | RU |
| 122 | 0# | $a | d19390903## |
| 200 | 1# | $a | Шифртелеграмма наркома иностранных дел СССР В. М. Молотова полпреду СССР в Турции А. В. Терентьеву о передаче заявления НКИД СССР турецкому правительству о несвоевременном информировании советского правительства о англо-турецких переговорах и новом подходе советского руководства к вопросу об оформлении дружеских отношений с Турцией |
| | $j | 3 сентября 1939 г. |
| 251 | ## | $c | Документ |
| 300 | ## | $a | Подлинник |
| 461 | #0 | $1 | 2001 |
| | $a | Ф. 059 |
| | $1 | 251 |
| | $c | Фонд |
| | $1 | 852 |
| | $j | 059 |
| 462 | #0 | $1 | 2001 |
| | $a | Оп. 1. П. 294 |
| | $1 | 251 |
| | $c | Опись |
| | $1 | 852 |
| | $j | 1. П. 294 |
| 462 | #0 | $1 | 2001 |
| | $a | Д. 2029 |
| | $v | Л. 150-152 |
| | $1 | 251 |
| | $c | Дело |
| | $1 | 852 |
| | $j | 2029 |
| 605 | ## | $2 | prlib_sh |
| | $3 | LIBNET\UAF\0000088514 |
| | $a | Правда о Второй мировой войне (Комплекс оцифрованных архивных документов, кино- и фотоматериалов) |
| | $l | коллекция |
| 607 | ## | $2 | prlib_sh |
| | $3 | LIBNET\UAF\0000092339 |
| | $a | СССР |
| | $x | Взаимоотношения |
| | $y | Турция |
| | $z | 1939 |
| | $j | Документы и материалы |
| 607 | ## | $2 | prlib_sh |
| | $3 | LIBNET\UAF\0000092340 |
| | $a | Турция |
| | $x | Взаимоотношения |
| | $y | СССР |
| | $z | 1939 |
| | $j | Документы и материалы |
| 607 | ## | $2 | prlib_sh |
| | $3 | LIBNET\UAF\0000092343 |
| | $a | Турция |
| | $x | Взаимоотношения |
| | $y | Великобритания |
| | $z | 1939 |
| | $j | Документы и материалы |
| 607 | ## | $2 | prlib_sh |
| | $3 | LIBNET\UAF\0000092344 |
| | $a | Великобритания |
| | $x | Взаимоотношения |
| | $y | Турция |
| | $z | 1939 |
| | $j | Документы и материалы |
| 617 | ## | $2 | prlib_sh |
| | $a | Великобритания |
| | $f | 1939 |
| 617 | ## | $2 | prlib_sh |
| | $a | Турция |
| | $f | 1939 |
| 686 | ## | $a | 63.3(2)621-6ю11 |
| | $v | LBC/M |
| | $2 | rubbk |
| 686 | ## | $a | 63.3(5Туц)62-6ю11 |
| | $v | LBC/M |
| | $2 | rubbk |
| 686 | ## | $a | 63.3(4Вел)62-6ю11 |
| | $v | LBC/M |
| | $2 | rubbk |
| 801 | #0 | $a | RU |
| | $b | ПБ им. Б.Н. Ельцина |
| | $c | 20210421 |
| 801 | #1 | $a | RU |
| | $b | ПБ им. Б.Н. Ельцина |
| | $c | 20210421 |
| | $2 | rusmarc |
| 801 | #2 | $a | RU |
| | $b | ПБ им. Б.Н. Ельцина |
| | $c | 20210519 |
| | $2 | rusmarc |
| 850 | ## | $a | Архив внешней политики Российской Федерации |
| 852 | ## | $a | АВП РФ |
| | $j | Л. 150-152 |
| 856 | 4# | $n | ПБ им. Б.Н. Ельцина |
| | $u | http://readingroom.main.prlib.ru/item.aspx?id_node=n164405998&mode=full |
| 035 | ## | $a | LIBNET\0001148615 |
| 937 | ## | $d | 164405998 |
| | $h | Федеральное архивное агентство |